[Event "GRE-ch Schools Gymnasia-B 30th"]
[Site "Peristeri"]
[Date "2018.04.01"]
[Round "2"]
[White "Stratigos, Spiros"]
[Black "Zacharakis, Antonios"]
[Result "1-0"]
[WhiteElo "1862"]
[BlackElo "1350"]
[PlyCount "119"]
[EventDate "2018.04.01"]
[EventType "swiss (rapid)"]
[EventRounds "9"]
[EventCountry "GRE"]
[SourceTitle "EXT 2019"]
[Source "ChessBase"]
[SourceDate "2018.10.10"]
[SourceVersion "1"]
[SourceVersionDate "2018.10.10"]
[SourceQuality "1"]

1. e4 e5 2. d4 exd4 3. Nf3 Nc6 4. c3 Nf6 5. e5 Qe7 6. cxd4 d6 7. Bb5 a6 8. Bxc6+ bxc6 9. 0-0 Nd5 10. Re1 Be6 11. Qa4 Qd7 12. Nc3 Be7 13. Bg5 0-0 14. Bxe7 Nxe7 15. Rac1 Rab8 16. b3 Ra8 17. Ng5 Bf5 18. Nge4 Ng6 19. Ng3 Be6 20. exd6 cxd6 21. Nce4 Bd5 22. Nc3 Be6 23. d5 cxd5 24. Qxd7 Bxd7 25. Nxd5 Rac8 26. Ne4 Be6 27. Nc7 Rfd8 28. Nxa6 Rxc1 29. Rxc1 d5 30. Ng5 d4 31. Nxe6 fxe6 32. Nc5 e5 33. a4 d3 34. Rd1 Nf4 35. g3 Ne2+ 36. Kf1 e4 37. Nxe4 Rb8 38. Rxd3 Nc1 39. Rc3 Nxb3 40. Nc5 Nxc5 41. Rxc5 Rb1+ 42. Ke2 Ra1 43. Ra5 Ra2+ 44. Ke3 Ra3+ 45. Ke4 Ra2 46. Kf3 Ra3+ 47. Kg2 g6 48. Ra7 Ra2 49. a5 Ra3 50. a6 Ra4 51. h4 Ra2 52. Kf3 Ra3+ 53. Kf4 Ra2 54. f3 Ra4+ 55. Kg5 Ra3 56. Kh6 Ra5 57. g4 Ra3 58. Ra8+ Kf7 59. a7 Ra4 60. Rh8 1-0

[Event "Mem Spyros Bikos 1st"]
[Site "Ilioupolis"]
[Date "2014.09.20"]
[Round "5"]
[White "Davillas, Georgios"]
[Black "Zacharakis, Antonios"]
[Result "1/2-1/2"]
[WhiteElo "1000"]
[BlackElo "1005"]
[PlyCount "113"]
[EventDate "2014.09.13"]
[EventType "swiss"]
[EventRounds "6"]
[EventCountry "GRE"]
[SourceTitle "EXT 2024"]
[Source "ChessBase"]
[SourceDate "2023.10.10"]
[SourceVersion "1"]
[SourceVersionDate "2023.10.10"]
[SourceQuality "1"]

1. e4 e6 2. d4 d5 3. Bb5+ Bd7 4. Bxd7+ Qxd7 5. exd5 exd5 6. Nf3 Nc6 7. 0-0 0-0-0 8. Bg5 Nge7 9. Nc3 f6 10. Bf4 g5 11. Bd2 h5 12. Be3 Rg8 13. Rc1 g4 14. Nd2 Nf5 15. Bf4 Qh7 16. Nxd5 Rxd5 17. Ne4 Bh6 18. Nxf6 Qf7 19. Nxd5 Qxd5 20. Bxh6 Nxh6 21. f3 Qxd4+ 22. Qxd4 Nxd4 23. Rfd1 Ne2+ 24. Kf2 Nxc1 25. Rxc1 gxf3 26. gxf3 b6 27. b3 Kb7 28. c4 a5 29. Rc3 c6 30. a3 b5 31. cxb5 cxb5 32. a4 b4 33. Rc1 Nf5 34. Rc5 Rf8 35. Rxa5 Kb6 36. Rb5+ Ka6 37. Rxb4 Rc8 38. Ke2 Rc2+ 39. Kd3 Rxh2 40. Rf4 Nd6 41. Rf6 h4 42. Rxd6+ Kb7 43. b4 Rg2 44. a5 h3 45. Rh6 Rg3 46. Rxh3 Rxh3 47. Ke4 Rh5 48. f4 Rb5 49. f5 Kc8 50. a6 Rxb4+ 51. Ke5 Kb8 52. Ke6 Rb6+ 53. Ke7 Rxa6 54. f6 Ra7+ 55. Ke8 Kc8 56. f7 Rxf7 57. Kxf7 1/2-1/2

[Event "Mem Spyros Bikos 1st"]
[Site "Ilioupolis"]
[Date "2014.09.14"]
[Round "2"]
[White "Tsotras, Ioannis"]
[Black "Zacharakis, Antonios"]
[Result "1-0"]
[WhiteElo "1234"]
[BlackElo "1005"]
[PlyCount "71"]
[EventDate "2014.09.13"]
[EventType "swiss"]
[EventRounds "6"]
[EventCountry "GRE"]
[SourceTitle "EXT 2024"]
[Source "ChessBase"]
[SourceDate "2023.10.10"]
[SourceVersion "1"]
[SourceVersionDate "2023.10.10"]
[SourceQuality "1"]

1. e4 e5 2. Nf3 Nc6 3. d4 f6 4. d5 Na5 5. Bd2 b6 6. Nc3 c6 7. g3 Bb4 8. a3 Bxc3 9. Bxc3 Bb7 10. b4 cxd5 11. bxa5 dxe4 12. Nh4 Qc8 13. Bb4 Ba6 14. Bxa6 Qxa6 15. Qh5+ g6 16. Nxg6 hxg6 17. Qxh8 0-0-0 18. Qh4 Qb7 19. axb6 axb6 20. Rb1 e3 21. Rf1 exf2+ 22. Rxf2 e4 23. Qf4 g5 24. Qe3 Re8 25. c4 Kb8 26. Ba5 b5 27. Rxb5 Qxb5 28. cxb5 Rc8 29. Qb6+ Ka8 30. Rd2 Rc1+ 31. Rd1 Rxd1+ 32. Kxd1 Ne7 33. Qd8+ Kb7 34. Qxd7+ Ka8 35. Bb6 Nc8 36. Qxc8# 1-0